[Event "New York Summer 1000 GM GM-A"]
[Site "New York"]
[Date "2023.07.10"]
[Round "9"]
[White "Lu, Maximillian"]
[Black "Zumsande, Martin"]
[Result "1/2-1/2"]
[WhiteElo "2394"]
[BlackElo "2421"]
[PlyCount "31"]
[EventDate "2023.07.06"]
[EventType "tourn"]
[EventRounds "9"]
[EventCountry "USA"]
[EventCategory "8"]
[SourceTitle "CBM 215 Extra"]
[Source "ChessBase"]
[SourceDate "2023.09.30"]
[SourceVersion "1"]
[SourceVersionDate "2023.09.30"]
[SourceQuality "1"]

1. c4 e6 2. Nc3 d5 3. d4 Be7 4. Nf3 Nf6 5. g3 0-0 6. Bg2 dxc4 7. Ne5 c5 8. dxc5 Qc7 9. Nxc4 Qxc5 10. b3 Qh5 11. e4 Qxd1+ 12. Nxd1 b5 13. e5 Nd5 14. Nce3 Bb7 15. Nxd5 Bxd5 16. Bxd5 1/2-1/2

[Event "New York Summer 1000 GM GM-A"]
[Site "New York"]
[Date "2023.07.07"]
[Round "2"]
[White "Zumsande, Martin"]
[Black "Mikhalevski, Victor"]
[Result "0-1"]
[WhiteElo "2421"]
[BlackElo "2524"]
[PlyCount "40"]
[EventDate "2023.07.06"]
[EventType "tourn"]
[EventRounds "9"]
[EventCountry "USA"]
[EventCategory "8"]
[SourceTitle "CBM 215 Extra"]
[Source "ChessBase"]
[SourceDate "2023.09.30"]
[SourceVersion "1"]
[SourceVersionDate "2023.09.30"]
[SourceQuality "1"]

1. e4 c6 2. d4 d5 3. e5 c5 4. Nf3 cxd4 5. Qxd4 Nc6 6. Qf4 e6 7. Bd3 Nb4 8. Nc3 Nxd3+ 9. cxd3 Ne7 10. h4 h5 11. 0-0 Bd7 12. Ne2 Qb6 13. Be3 Qa6 14. Rfd1 Rc8 15. a4 Nf5 16. Ng3 Be7 17. Nxf5 exf5 18. Qg3 0-0 19. Bg5 Bxg5 20. Qxg5 Rc2 0-1

[Event "New York Summer 1000 GM GM-A"]
[Site "New York"]
[Date "2023.07.06"]
[Round "1"]
[White "Wang, Kevin A"]
[Black "Zumsande, Martin"]
[Result "1/2-1/2"]
[WhiteElo "2393"]
[BlackElo "2421"]
[PlyCount "90"]
[EventDate "2023.07.06"]
[EventType "tourn"]
[EventRounds "9"]
[EventCountry "USA"]
[EventCategory "8"]
[SourceTitle "CBM 215 Extra"]
[Source "ChessBase"]
[SourceDate "2023.09.30"]
[SourceVersion "1"]
[SourceVersionDate "2023.09.30"]
[SourceQuality "1"]

1. e4 e6 2. d4 d5 3. e5 c5 4. c3 Qb6 5. Nf3 Nc6 6. a3 c4 7. Nbd2 f6 8. exf6 Nxf6 9. b3 cxb3 10. Nxb3 Bd6 11. c4 Qd8 12. c5 Bc7 13. Bb5 0-0 14. 0-0 Bd7 15. Bg5 Qe8 16. Bxc6 Bxc6 17. Bh4 Qh5 18. Bg3 Bxg3 19. fxg3 Ne4 20. Qd3 Rf6 21. Na5 Raf8 22. Nxc6 bxc6 23. Rab1 Qf7 24. Ne5 Qc7 25. Qe3 Rxf1+ 26. Rxf1 Rxf1+ 27. Kxf1 Qb8 28. Qc1 Qb5+ 29. Kg1 Qa4 30. Nf3 h6 31. g4 Ng5 32. Qb2 Qd1+ 33. Kf2 Kh7 34. Nxg5+ hxg5 35. h3 Qd3 36. Kg1 a5 37. Kh1 a4 38. Qa1 Qe3 39. Qb1+ Kh6 40. Qb8 Qxd4 41. Qh8+ Kg6 42. Qe8+ Kf6 43. Qf8+ Kg6 44. Qe8+ Kf6 45. Qf8+ Kg6 1/2-1/2

[Event "New York Mem Day 1000 GM IM-C"]
[Site "New York"]
[Date "2023.05.29"]
[Round "9"]
[White "Mou, Iris Zhaoying"]
[Black "Zumsande, Martin"]
[Result "1/2-1/2"]
[WhiteElo "2002"]
[BlackElo "2454"]
[PlyCount "34"]
[EventDate "2023.05.25"]
[EventType "tourn"]
[EventRounds "9"]
[EventCountry "USA"]
[SourceTitle "CBM 214 Extra"]
[Source "ChessBase"]
[SourceDate "2023.07.31"]
[SourceVersion "1"]
[SourceVersionDate "2023.07.31"]
[SourceQuality "1"]

1. e4 e6 2. d4 d5 3. e5 c5 4. c3 Nc6 5. Nf3 Bd7 6. Be2 Rc8 7. 0-0 a6 8. Be3 cxd4 9. cxd4 Nge7 10. Nc3 Nf5 11. Rc1 Na5 12. Bd3 Nxe3 13. fxe3 Be7 14. Qe1 0-0 15. Kh1 Nc4 16. b3 Na3 17. Qg3 Qa5 1/2-1/2

[Event "Rilton Cup 50th"]
[Site "Stockholm"]
[Date "2023.01.03"]
[Round "7"]
[White "Shohat, Yotam"]
[Black "Zumsande, Martin"]
[Result "0-1"]
[WhiteElo "2294"]
[BlackElo "2465"]
[PlyCount "104"]
[EventDate "2022.12.27"]
[EventType "swiss"]
[EventRounds "9"]
[EventCountry "SWE"]
[SourceTitle "CBM 212 Extra"]
[Source "ChessBase"]
[SourceDate "2023.03.31"]
[SourceVersion "1"]
[SourceVersionDate "2023.03.31"]
[SourceQuality "1"]

1. e4 e6 2. d4 d5 3. Nc3 Nf6 4. e5 Nfd7 5. f4 c5 6. Nf3 Nc6 7. Be3 a6 8. Ne2 b5 9. c3 Qb6 10. Ng3 a5 11. Bd3 Ba6 12. 0-0 g6 13. h4 b4 14. Ng5 Bxd3 15. Qxd3 Qa6 16. Qd1 h6 17. Nf3 Ne7 18. cxb4 cxb4 19. h5 Nf5 20. Nxf5 gxf5 21. Qa4 Rg8 22. Kf2 Kd8 23. Rfc1 Nb6 24. Qd1 Be7 25. b3 Kd7 26. Rc2 Rac8 27. Rac1 Rxc2+ 28. Qxc2 Rc8 29. Qe2 Qxe2+ 30. Kxe2 Rg8 31. Rg1 Nc8 32. Nh2 Na7 33. g4 Nb5 34. g5 a4 35. bxa4 Nc3+ 36. Kd3 Nxa4 37. Nf3 Nb2+ 38. Ke2 Nc4 39. Bd2 Ra8 40. Rb1 hxg5 41. fxg5 Rxa2 42. Rg1 b3 43. g6 fxg6 44. hxg6 b2 45. g7 Ra8 46. Bh6 Bb4 47. Rb1 Ke7 48. Bd2 Bxd2 49. Nxd2 Rb8 50. Kd3 Nxd2 51. Rxb2 Nb3 52. Kc3 Kf7 0-1

[Event "Rilton Cup 50th"]
[Site "Stockholm"]
[Date "2022.12.30"]
[Round "4"]
[White "Zumsande, Martin"]
[Black "Lahdelma, Henri"]
[Result "1/2-1/2"]
[WhiteElo "2465"]
[BlackElo "2332"]
[PlyCount "80"]
[EventDate "2022.12.27"]
[EventType "swiss"]
[EventRounds "9"]
[EventCountry "SWE"]
[SourceTitle "CBM 212 Extra"]
[Source "ChessBase"]
[SourceDate "2023.03.31"]
[SourceVersion "1"]
[SourceVersionDate "2023.03.31"]
[SourceQuality "1"]

1. e4 c6 2. d4 d5 3. exd5 cxd5 4. c4 Nf6 5. Nc3 Nc6 6. Nf3 Bg4 7. Be2 dxc4 8. d5 Bxf3 9. Bxf3 Ne5 10. 0-0 g6 11. Be2 Bg7 12. Bxc4 Nxc4 13. Qa4+ Qd7 14. Qxc4 0-0 15. Bg5 Rfd8 16. Rad1 Qf5 17. Bh4 Rd7 18. Rfe1 Rad8 19. h3 Nxd5 20. Nxd5 Rxd5 21. Rxd5 Qxd5 22. Qxd5 Rxd5 23. Rxe7 Bxb2 24. Rxb7 Be5 25. Bg3 Bxg3 26. fxg3 Ra5 27. Rb2 h5 28. Kh2 Ra3 29. Rd2 Kg7 30. Rf2 f5 31. g4 hxg4 32. hxg4 fxg4 33. Rf4 Rxa2 34. Rxg4 Kf6 35. Rc4 Ra6 36. Kg3 Rb6 37. Ra4 a6 38. Kf4 Ke6 39. Kg5 Kf7 40. Kh6 Kf6 1/2-1/2

[Event "Rilton Cup 50th"]
[Site "Stockholm"]
[Date "2022.12.27"]
[Round "1"]
[White "Ruiz Buendia, Miguel"]
[Black "Zumsande, Martin"]
[Result "1/2-1/2"]
[WhiteElo "2257"]
[BlackElo "2465"]
[PlyCount "116"]
[EventDate "2022.12.27"]
[EventType "swiss"]
[EventRounds "9"]
[EventCountry "SWE"]
[SourceTitle "CBM 212 Extra"]
[Source "ChessBase"]
[SourceDate "2023.03.31"]
[SourceVersion "1"]
[SourceVersionDate "2023.03.31"]
[SourceQuality "1"]

1. e4 e6 2. d4 d5 3. Nc3 Nf6 4. Bg5 Be7 5. e5 Nfd7 6. h4 h6 7. Bxe7 Qxe7 8. f4 a6 9. Nf3 c5 10. Qd2 Nc6 11. Ne2 b5 12. 0-0-0 c4 13. f5 Nb6 14. Nf4 exf5 15. e6 Bxe6 16. Re1 0-0-0 17. g3 Qd6 18. Bg2 Rhe8 19. Re3 Bd7 20. Rhe1 Re4 21. Ra3 Kb7 22. Ne5 Rxe1+ 23. Qxe1 Nxe5 24. dxe5 Qc5 25. h5 Bc6 26. e6 Re8 27. Re3 Ka7 28. Re5 fxe6 29. Nxe6 Qd6 30. Nd4 Rc8 31. Re7+ Ka8 32. Nxf5 Qf6 33. Qf2 Bb7 34. Rxg7 Na4 35. c3 Nc5 36. Kb1 Rf8 37. Qxc5 Qxf5+ 38. Kc1 Rc8 39. Qe7 Rb8 40. Qf7 Qe5 41. Kd2 b4 42. Bf3 bxc3+ 43. bxc3 Qd6 44. Rg8 Qb6 45. Rxb8+ Kxb8 46. Qe8+ Ka7 47. Qe3 d4 48. cxd4 Bxf3 49. Qxf3 Qb2+ 50. Ke3 c3 51. Qf7+ Kb6 52. Qb3+ Ka5 53. Kd3 Qd2+ 54. Kc4 c2 55. Qa3+ Kb6 56. Qd6+ Kb7 57. Qd7+ Kb8 58. Qd8+ Kb7 1/2-1/2

[Event "Titled Tuesday intern op 26th Apr Late"]
[Site "Chess.com INT"]
[Date "2022.04.26"]
[Round "2"]
[White "Torres Cueto, Jesus Marcial"]
[Black "Zumsande, Martin"]
[Result "0-1"]
[WhiteElo "2051"]
[BlackElo "2465"]
[PlyCount "40"]
[EventDate "2022.04.26"]
[EventType "swiss (blitz)"]
[EventRounds "11"]
[EventCountry "USA"]
[SourceTitle "CBM 208 Extra"]
[Source "ChessBase"]
[SourceDate "2022.07.31"]
[SourceVersion "1"]
[SourceVersionDate "2022.07.31"]
[SourceQuality "1"]

1. d4 d5 2. c4 e6 3. Nc3 Be7 4. Nf3 Nf6 5. Bg5 h6 6. Bh4 0-0 7. e3 b6 8. cxd5 Nxd5 9. Bxe7 Qxe7 10. Bd3 Bb7 11. 0-0 Nd7 12. Rc1 c5 13. Bb1 Rfd8 14. Qe2 Rac8 15. Rfd1 Nxc3 16. bxc3 Nf6 17. e4 cxd4 18. cxd4 Rxc1 19. Rxc1 Qa3 20. e5 Qxc1+ 0-1

[Event "Titled Tuesday intern op 26th Apr Late"]
[Site "Chess.com INT"]
[Date "2022.04.26"]
[Round "1"]
[White "Zumsande, Martin"]
[Black "Bortnyk, Olexandr"]
[Result "0-1"]
[WhiteElo "2465"]
[BlackElo "2604"]
[PlyCount "76"]
[EventDate "2022.04.26"]
[EventType "swiss (blitz)"]
[EventRounds "11"]
[EventCountry "USA"]
[SourceTitle "CBM 208 Extra"]
[Source "ChessBase"]
[SourceDate "2022.07.31"]
[SourceVersion "1"]
[SourceVersionDate "2022.07.31"]
[SourceQuality "1"]

1. e4 d6 2. d4 Nf6 3. Nc3 Nbd7 4. Nf3 e5 5. Bc4 Be7 6. 0-0 c6 7. Re1 h6 8. a4 Qc7 9. b3 Nf8 10. Bb2 Ng6 11. Bd3 0-0 12. Ne2 Bg4 13. Ng3 c5 14. dxc5 Qxc5 15. h3 Be6 16. Ba3 Qa5 17. Nf5 Bxf5 18. exf5 Nf4 19. Bf1 Rfe8 20. g3 N4d5 21. Bc4 Rac8 22. Bb5 Red8 23. c4 a6 24. cxd5 axb5 25. axb5 Qxb5 26. Nxe5 dxe5 27. Bxe7 Rxd5 28. Qf3 e4 29. Qf4 Rxf5 30. Qd2 Nd5 31. Rxe4 Qxb3 32. Rae1 Rc2 33. Qd4 Rfxf2 34. Qxf2 Rxf2 35. Kxf2 Qb2+ 36. R1e2 Qb6+ 37. Kg2 Nc3 38. Bd8 Qc6 0-1

[Event "BL2-Nord 1920"]
[Site "Germany"]
[Date "2021.08.07"]
[Round "9.3"]
[White "Zumsande, Martin"]
[Black "Hansch, Stephan"]
[Result "1-0"]
[WhiteElo "2465"]
[BlackElo "2172"]
[PlyCount "61"]
[EventDate "2019.10.19"]
[EventType "team-tourn"]
[EventRounds "9"]
[EventCountry "GER"]
[SourceTitle "EXT 2023"]
[Source "ChessBase"]
[SourceDate "2022.10.05"]
[SourceVersion "1"]
[SourceVersionDate "2022.10.05"]
[SourceQuality "1"]
[WhiteTeam "Werder Bremen II"]
[BlackTeam "Potsdam Empor"]
[WhiteTeamCountry "GER"]
[BlackTeamCountry "GER"]

1. e4 c5 2. Nf3 d6 3. c3 Nf6 4. h3 Nc6 5. Bd3 g6 6. 0-0 Bg7 7. Bc2 e5 8. d3 0-0 9. Nbd2 b5 10. a4 b4 11. Nc4 Ba6 12. Bb3 d5 13. exd5 Nxd5 14. Bg5 Qc7 15. cxb4 Ndxb4 16. Qd2 h6 17. Bxh6 Rfd8 18. Qg5 Rxd3 19. Ncd2 Rxb3 20. Nxb3 Bxf1 21. Rxf1 Nd4 22. Nbxd4 exd4 23. Rc1 Nd3 24. Bxg7 Kxg7 25. Rc2 Qa5 26. Rd2 Qa6 27. Ne5 Nb4 28. Qe7 Qf6 29. Qxc5 Re8 30. Nf3 Nc6 31. b4 1-0

[Event "Titled Tuesday intern op 03rd Nov"]
[Site "Chess.com INT"]
[Date "2020.11.03"]
[Round "2"]
[White "Dominguez Perez, Leinier"]
[Black "Zumsande, Martin"]
[Result "1-0"]
[WhiteElo "2758"]
[BlackElo "2465"]
[PlyCount "71"]
[EventDate "2020.11.03"]
[EventType "swiss (blitz)"]
[EventRounds "11"]
[EventCountry "USA"]
[SourceTitle "CBM 199 Extra"]
[Source "ChessBase"]
[SourceDate "2021.01.31"]
[SourceVersion "1"]
[SourceVersionDate "2021.01.31"]
[SourceQuality "1"]

1. c4 e6 2. g3 d5 3. Bg2 Nf6 4. Nf3 dxc4 5. Qa4+ Nbd7 6. Qxc4 c5 7. d3 b6 8. Nd4 Ne5 9. Nc6 Nxc6 10. Bxc6+ Bd7 11. Bxa8 Qxa8 12. 0-0 h5 13. h4 Be7 14. Bg5 Ng4 15. Bxe7 Kxe7 16. Nd2 Bc6 17. Qf4 e5 18. Qg5+ Kf8 19. b4 f6 20. Qf5 Kf7 21. Ne4 g6 22. Qf3 f5 23. Ng5+ Kg7 24. e4 Qe8 25. bxc5 bxc5 26. Rac1 Rf8 27. Qe2 fxe4 28. Nxe4 Bxe4 29. dxe4 Qe7 30. Rc3 Rf7 31. f3 Nf6 32. Rfc1 Nd7 33. Kg2 Qe6 34. Rd1 Kh6 35. Qc4 Qc6 36. Qxf7 1-0

[Event "Titled Tuesday intern op 03rd Nov"]
[Site "Chess.com INT"]
[Date "2020.11.03"]
[Round "6"]
[White "Zumsande, Martin"]
[Black "Harsha, Bharathakoti"]
[Result "0-1"]
[WhiteElo "2465"]
[BlackElo "2509"]
[PlyCount "108"]
[EventDate "2020.11.03"]
[EventType "swiss (blitz)"]
[EventRounds "11"]
[EventCountry "USA"]
[SourceTitle "CBM 199 Extra"]
[Source "ChessBase"]
[SourceDate "2021.01.31"]
[SourceVersion "1"]
[SourceVersionDate "2021.01.31"]
[SourceQuality "1"]

1. e4 c6 2. d4 d5 3. exd5 cxd5 4. c4 Nf6 5. Nc3 Nc6 6. Bg5 Be6 7. Be2 h6 8. Bxf6 exf6 9. Bf3 Bb4 10. Nge2 0-0 11. 0-0 Ne7 12. c5 b6 13. Nb5 a6 14. a3 axb5 15. axb4 Rxa1 16. Qxa1 Nc6 17. Qa6 Nxb4 18. Qxb5 bxc5 19. dxc5 Qb8 20. Qxb8 Rxb8 21. Nd4 Nd3 22. c6 Rxb2 23. Ra1 Rb8 24. c7 Rc8 25. Ra7 Kf8 26. Be2 Nc5 27. Nc6 Bd7 28. Nb8 Ke7 29. h3 Ne6 30. Na6 Kd6 31. Bg4 Nxc7 32. Bxd7 Kxd7 33. Nc5+ Kd6 34. Nd3 Ra8 35. Rb7 Kc6 36. Rb1 Ne6 37. Kf1 Ra3 38. Rc1+ Kd6 39. Nb4 d4 40. Rc6+ Kd7 41. Rb6 Kc7 42. Rc6+ Kb7 43. Rd6 Kc7 44. Rc6+ Kd7 45. Rb6 Rb3 46. Nd5 Rxb6 47. Nxb6+ Kc6 48. Nc4 Kd5 49. Nb6+ Kc5 50. Nd7+ Kc4 51. Ke2 Nf4+ 52. Kd2 Nxg2 53. Nb8 Kd5 54. Nc6 Kxc6 0-1

[Event "Titled Tuesday intern op 03rd Nov"]
[Site "Chess.com INT"]
[Date "2020.11.03"]
[Round "5"]
[White "Zumsande, Martin"]
[Black "Huschenbeth, Niclas"]
[Result "1-0"]
[WhiteElo "2465"]
[BlackElo "2609"]
[PlyCount "91"]
[EventDate "2020.11.03"]
[EventType "swiss (blitz)"]
[EventRounds "11"]
[EventCountry "USA"]
[SourceTitle "CBM 199 Extra"]
[Source "ChessBase"]
[SourceDate "2021.01.31"]
[SourceVersion "1"]
[SourceVersionDate "2021.01.31"]
[SourceQuality "1"]

1. e4 e5 2. Nf3 Nc6 3. Bc4 Nf6 4. d3 h6 5. 0-0 d6 6. c3 g5 7. Nbd2 Bg7 8. Bb3 0-0 9. Nc4 a5 10. Ne3 Be6 11. Bc2 d5 12. Qe2 d4 13. Nf5 Bxf5 14. exf5 Re8 15. Nd2 Nd5 16. Ne4 Nf4 17. Bxf4 exf4 18. Qh5 a4 19. f6 Bf8 20. h4 Rxe4 21. dxe4 Qxf6 22. hxg5 hxg5 23. e5 Qh6 24. Qxh6 Bxh6 25. Rfe1 a3 26. Rab1 axb2 27. Rxb2 dxc3 28. Rxb7 Rxa2 29. Bb3 Rb2 30. e6 fxe6 31. Bxe6+ Kf8 32. Rxc7 Nd4 33. Bg4 Bg7 34. Ra1 Rb8 35. Bd1 c2 36. Rc1 Rb1 37. R7xc2 Rxc1 38. Rxc1 Ke7 39. Bg4 Be5 40. Re1 Kf6 41. f3 Nc2 42. Rc1 Bd4+ 43. Kf1 Ne3+ 44. Ke2 Nxg2 45. Kd3 Be5 46. Ke4 1-0

[Event "GER-ch Net blitz qual5"]
[Site "Playchess.com INT"]
[Date "2020.03.28"]
[Round "3"]
[White "Zumsande, Martin"]
[Black "Laux, Dominik"]
[Result "0-1"]
[WhiteElo "2456"]
[BlackElo "2009"]
[PlyCount "102"]
[EventDate "2020.03.28"]
[EventType "swiss (blitz)"]
[EventRounds "13"]
[EventCountry "GER"]
[SourceTitle "CBM 195 Extra"]
[Source "ChessBase"]
[SourceDate "2020.05.31"]
[SourceVersion "1"]
[SourceVersionDate "2020.05.31"]
[SourceQuality "1"]

1. e4 c6 2. d4 d5 3. exd5 cxd5 4. c4 Nf6 5. Nc3 Nc6 6. Bg5 dxc4 7. Bxc4 h6 8. Bh4 a6 9. Nf3 Bg4 10. d5 Bxf3 11. Qxf3 Ne5 12. Qe2 Nxc4 13. Qxc4 g5 14. Bg3 Bg7 15. 0-0 0-0 16. Rad1 b5 17. Qd3 Qa5 18. Rfe1 b4 19. Ne2 Rfd8 20. Nd4 Rxd5 21. Qf3 Rc8 22. Rxe7 Qxa2 23. Ree1 Rcd8 24. Ra1 Qxb2 25. Nf5 g4 26. Ne7+ Kh8 27. Qe3 Rb5 28. Be5 Rxe5 29. Qxe5 Qxe5 30. Rxe5 Ng8 31. Ree1 Nxe7 32. Rxa6 Nd5 33. Rd1 b3 34. Ra7 Kg8 35. Rb7 b2 36. g3 Rc8 37. Kg2 Rc1 38. Rxd5 b1Q 39. Rxb1 Rxb1 40. Rd8+ Kh7 41. Rc8 Kg6 42. Rc4 f5 43. h3 h5 44. hxg4 hxg4 45. Rc2 Kg5 46. f3 Rb2 47. Rxb2 Bxb2 48. fxg4 Kxg4 49. Kf2 Be5 50. Kg2 Bxg3 51. Kf1 Kf3 0-1

[Event "BL2-Nord 1920"]
[Site "Germany"]
[Date "2020.02.09"]
[Round "8.4"]
[White "Zumsande, Martin"]
[Black "Polzin, Rainer"]
[Result "0-1"]
[WhiteElo "2459"]
[BlackElo "2415"]
[PlyCount "123"]
[EventDate "2019.10.19"]
[EventType "team-tourn"]
[EventRounds "9"]
[EventCountry "GER"]
[SourceTitle "CBM 194 Extra"]
[Source "ChessBase"]
[SourceDate "2020.03.31"]
[SourceVersion "1"]
[SourceVersionDate "2020.03.31"]
[SourceQuality "1"]
[WhiteTeam "Werder Bremen II"]
[BlackTeam "Berlin SF II"]
[WhiteTeamCountry "GER"]
[BlackTeamCountry "GER"]

1. e4 c5 2. c3 e6 3. d4 d5 4. e5 Nc6 5. Nf3 Qb6 6. Be2 Nh6 7. Na3 cxd4 8. cxd4 Bxa3 9. bxa3 Nf5 10. Be3 Nxe3 11. fxe3 Qa5+ 12. Qd2 Bd7 13. 0-0 Qxd2 14. Nxd2 Ke7 15. Nb3 b6 16. Bd3 a5 17. Rab1 Rhc8 18. Nd2 Nd8 19. Rxb6 Rc3 20. Rb3 Rac8 21. Nb1 R3c7 22. Kf2 f5 23. Ke2 Ba4 24. Rb6 Bc2 25. Rb2 Nf7 26. h4 Nh6 27. Kd2 Bxd3 28. Kxd3 Ng4 29. Rd1 Kf7 30. Ke2 Rc6 31. h5 R8c7 32. Rd3 Rc1 33. Rdb3 g6 34. hxg6+ Kxg6 35. Rb7 R7c6 36. R7b6 Kg5 37. Rxc6 Rxc6 38. Nd2 Kh4 39. Nf3+ Kg3 40. Ng5 h6 41. Nh3 Kxg2 42. Nf4+ Kg3 43. Nh5+ Kh4 44. Nf4 Rc3 45. Rb3 Rc2+ 46. Kd1 Rc6 47. Ke2 a4 48. Rb4 Rc3 49. Rxa4 Rxe3+ 50. Kd2 Re4 51. Nxe6 Nxe5 52. Nc5 Nf3+ 53. Kd3 Re7 54. Ra6 h5 55. a4 Kg3 56. Rg6+ Kf2 57. Re6 Rh7 58. Kc3 h4 59. Nd3+ Kf1 60. Re3 Rc7+ 61. Kb4 Nxd4 62. Nc5 0-1

[Event "BL2-Nord 1920"]
[Site "Germany"]
[Date "2020.02.08"]
[Round "7.4"]
[White "Steczek, Marcin"]
[Black "Zumsande, Martin"]
[Result "1/2-1/2"]
[WhiteElo "2366"]
[BlackElo "2459"]
[PlyCount "84"]
[EventDate "2019.10.19"]
[EventType "team-tourn"]
[EventRounds "9"]
[EventCountry "GER"]
[SourceTitle "CBM 194 Extra"]
[Source "ChessBase"]
[SourceDate "2020.03.31"]
[SourceVersion "1"]
[SourceVersionDate "2020.03.31"]
[SourceQuality "1"]
[WhiteTeam "Ruedersdorf Glueckauf"]
[BlackTeam "Werder Bremen II"]
[WhiteTeamCountry "GER"]
[BlackTeamCountry "GER"]

1. c4 e6 2. d4 d5 3. Nc3 Be7 4. Nf3 Nf6 5. Bg5 h6 6. Bh4 0-0 7. e3 b6 8. Rc1 Bb7 9. Be2 Nbd7 10. 0-0 c5 11. cxd5 Nxd5 12. Bg3 a6 13. Ne5 N7f6 14. dxc5 Bxc5 15. a3 Rc8 16. Nxd5 Nxd5 17. Bf3 Qe7 18. Qe2 Rfd8 19. Rfd1 b5 20. Nd3 Bb6 21. h3 Ba8 22. e4 Nf6 23. Nb4 Bb7 24. Rxc8 Rxc8 25. Bd6 Qd7 26. e5 Ne8 27. Bc5 Qc7 28. Bxb7 Qxb7 29. Bxb6 Qxb6 30. Rd7 a5 31. Nd3 Rd8 32. Rxd8 Qxd8 33. Nc5 Nc7 34. Nb7 Qa8 35. Qe4 Nd5 36. Nd6 Qc6 37. g3 b4 38. Qf3 Qc7 39. Kg2 Qd7 40. h4 Qc7 41. axb4 axb4 42. b3 Qa7 1/2-1/2

[Event "Titled Tuesday intern op 5th Nov"]
[Site "Chess.com INT"]
[Date "2019.11.05"]
[Round "9"]
[White "Aditya, Mittal"]
[Black "Zumsande, Martin"]
[Result "1-0"]
[WhiteElo "2427"]
[BlackElo "2459"]
[PlyCount "85"]
[EventDate "2019.11.05"]
[EventType "swiss (blitz)"]
[EventRounds "10"]
[EventCountry "USA"]
[SourceTitle "EXT 2021"]
[Source "ChessBase"]
[SourceDate "2020.10.23"]
[SourceVersion "1"]
[SourceVersionDate "2020.10.23"]
[SourceQuality "1"]

1. e4 e6 2. g3 d5 3. Bg2 Nf6 4. e5 Nfd7 5. f4 c5 6. Nf3 Nc6 7. 0-0 Be7 8. b3 0-0 9. Bb2 b5 10. a4 b4 11. d3 Bb7 12. Nbd2 a5 13. Kh1 f5 14. exf6 Bxf6 15. Qc1 e5 16. Ng5 Bxg5 17. Bxd5+ Kh8 18. fxg5 Qxg5 19. Ne4 Qg6 20. Qg5 Nb6 21. Qxg6 hxg6 22. Nxc5 Nxd5 23. Nxb7 Ne3 24. Rxf8+ Rxf8 25. Rc1 Rf2 26. Nd6 Nd4 27. Bxd4 exd4 28. Nc4 Ng4 29. h3 Rh2+ 30. Kg1 Rxh3 31. Kg2 Rh2+ 32. Kf3 Nf6 33. Ne5 Nd5 34. Nxg6+ Kh7 35. Ne5 Ne3 36. Nc4 Rxc2 37. Rxc2 Nxc2 38. Nxa5 Kg6 39. Ke4 Kf6 40. Nc6 Ke6 41. Nxd4+ Nxd4 42. Kxd4 Kd6 43. Kc4 1-0

[Event "Titled Tuesday intern op 5th Nov"]
[Site "Chess.com INT"]
[Date "2019.11.05"]
[Round "4"]
[White "Van Foreest, Lucas"]
[Black "Zumsande, Martin"]
[Result "1-0"]
[WhiteElo "2531"]
[BlackElo "2459"]
[PlyCount "99"]
[EventDate "2019.11.05"]
[EventType "swiss (blitz)"]
[EventRounds "10"]
[EventCountry "USA"]
[SourceTitle "EXT 2021"]
[Source "ChessBase"]
[SourceDate "2020.10.23"]
[SourceVersion "1"]
[SourceVersionDate "2020.10.23"]
[SourceQuality "1"]

1. e4 e6 2. Bb5 a6 3. Ba4 b5 4. Bb3 Bb7 5. Qe2 c5 6. d3 Nc6 7. c3 Nf6 8. f4 d5 9. e5 Nd7 10. Nf3 c4 11. Bc2 cxd3 12. Bxd3 Nc5 13. Be3 Nxd3+ 14. Qxd3 Be7 15. 0-0 0-0 16. Nbd2 b4 17. Nb3 a5 18. Nbd4 Nxd4 19. Qxd4 Qd7 20. Rfd1 Rfc8 21. Rac1 Bc5 22. Qd2 bxc3 23. bxc3 Ba3 24. Rb1 Ba6 25. Bd4 Rab8 26. Qc2 g6 27. h4 Qc7 28. h5 Qc4 29. Ng5 Qe2 30. Qa4 Be7 31. hxg6 hxg6 32. Re1 Rxb1 33. Rxb1 Bxg5 34. fxg5 Bd3 35. Qd1 Qxd1+ 36. Rxd1 Bc4 37. Rb1 Bxa2 38. Ra1 Bc4 39. Rxa5 Rb8 40. Bc5 Bd3 41. Be7 Be4 42. Kf2 Kh7 43. Ra1 Rb1 44. Ra8 Rb2+ 45. Ke3 f5 46. gxf6 Rxg2 47. f7 Rg3+ 48. Ke2 Rf3 49. f8Q Rxf8 50. Rxf8 1-0

[Event "Bundesliga 1819"]
[Site "Germany"]
[Date "2019.04.06"]
[Round "14.8"]
[White "Zumsande, Martin"]
[Black "Tarlev, Konstantin"]
[Result "0-1"]
[WhiteElo "2490"]
[BlackElo "2557"]
[PlyCount "230"]
[EventDate "2018.11.10"]
[EventType "team-tourn"]
[EventRounds "15"]
[EventCountry "GER"]
[SourceTitle "CBM 189 Extra"]
[Source "ChessBase"]
[SourceDate "2019.06.03"]
[SourceVersion "1"]
[SourceVersionDate "2019.06.03"]
[SourceQuality "1"]
[WhiteTeam "Werder Bremen"]
[BlackTeam "Viernheim"]
[WhiteTeamCountry "GER"]
[BlackTeamCountry "GER"]

1. e4 e6 2. d4 d5 3. Nc3 Bb4 4. e5 c5 5. a3 Bxc3+ 6. bxc3 Nc6 7. Nf3 Nge7 8. h4 Bd7 9. h5 h6 10. Bd3 Qc7 11. 0-0 c4 12. Be2 f6 13. Bf4 0-0-0 14. Bh2 f5 15. Nh4 Rdg8 16. Bf4 g5 17. hxg6 Nxg6 18. Nxg6 Rxg6 19. g3 Qa5 20. Qd2 h5 21. Kg2 h4 22. Rh1 Rgg8 23. Rh3 hxg3 24. Rxh8 Rxh8 25. fxg3 Be8 26. Bg5 Rg8 27. Bf6 b6 28. Kf2 Bg6 29. a4 b5 30. Ra3 Be8 31. Qc1 bxa4 32. Qh6 Qc7 33. Rxa4 Nxd4 34. Ra6 Nc6 35. Qe3 Kb7 36. Ra1 Qb6 37. Qxb6+ Kxb6 38. Rb1+ Kc7 39. Bf3 a5 40. Ra1 Bd7 41. Bh5 Be8 42. Bf3 Kb6 43. Be2 Ka6 44. Bf3 Bd7 45. Be2 Na7 46. Be7 Kb6 47. Bf3 Nb5 48. Rb1 Kc6 49. Ra1 Ra8 50. g4 fxg4 51. Bxg4 Nxc3 52. Ke3 Nb5 53. Bf3 Kb6 54. Kd2 Bc6 55. Be2 Rg8 56. c3 Rg2 57. Bd8+ Kb7 58. Bxa5 d4 59. cxd4 Nxd4 60. Kc3 Nxe2+ 61. Kxc4 Rg1 62. Rxg1 Nxg1 63. Kc5 Bd5 64. Bd8 Kc8 65. Bf6 Kc7 66. Bg5 Ne2 67. Bd2 Ng3 68. Ba5+ Kd7 69. Be1 Ne4+ 70. Kd4 Ke7 71. Ke3 Kf7 72. Bb4 Kg6 73. Kf4 Ng5 74. Bd6 Kh5 75. Be7 Nf7 76. Bf6 Bb3 77. Kg3 Nh6 78. Kf4 Nf5 79. Bd8 Nh4 80. Bf6 Ng6+ 81. Kf3 Ba4 82. Kg3 Bd1 83. Kf2 Kg4 84. Ke3 Kf5 85. Kd4 Bb3 86. Bg7 Nh4 87. Kc5 Nf3 88. Kd6 Bd5 89. Bh8 Ke4 90. Bf6 Nd2 91. Kc5 Nc4 92. Bg7 Nxe5 93. Bh8 Nd3+ 94. Kd6 e5 95. Bxe5 Nxe5 96. Kc5 Nd3+ 97. Kd6 Bc4 98. Kc6 Ke5 99. Kd7 Nc5+ 100. Kc6 Ne4 101. Kd7 Kf6 102. Kc6 Ke6 103. Kb6 Kd6 104. Ka5 Kc5 105. Ka4 Kd4 106. Kb4 Bd5 107. Kb5 Nc5 108. Kb6 Ne6 109. Kb5 Kc3 110. Kb6 Kb4 111. Ka6 Kc5 112. Ka5 Bc6 113. Ka6 Nf4 114. Ka5 Nd5 115. Ka6 Kb4 0-1